| 000 | 01054nam a2200325 i 4500 | ||
|---|---|---|---|
| 005 | 20220316235521.0 | ||
| 007 | ta | ||
| 008 | 200425s2001 ck a gr 001 0 spa d | ||
| 020 | _a9586823121 | ||
| 040 |
_aCO-BoRNBP _bspa _cCO-BoRNBP _erda |
||
| 041 | 0 | _aspa | |
| 043 | _ae-uk-en--- | ||
| 082 | 0 | 4 |
_a926.1 _bH17l _223 |
| 100 | 1 |
_aLozoya, Xavier _eautor |
|
| 245 | 1 | 3 |
_aEl médico del rey decapitado _bWilliam Harvey _cXavier Lozoya |
| 250 | _aPrimera edición | ||
| 264 | 1 |
_aBogotá, Colombia _bColciencias _bAlfaomega _c2001 |
|
| 300 |
_a108 páginas _bilustraciones _c21 cm |
||
| 336 |
_atexto _btxt _2rdacontent |
||
| 337 |
_asin mediación _bn _2rdamedia |
||
| 338 |
_avolumen _bnc _2rdacarrier |
||
| 490 | 0 | _aViajeros del conocimiento | |
| 500 | _aIncluye índice | ||
| 505 | 1 | _aEl mundo de Harvey -- Textos de Harvey | |
| 600 | 1 | 4 |
_aHarvey, William _d1578-1657 _xColecciones de escritos _9176396 |
| 650 | 1 | 7 |
_aCientíficos ingleses _2ARMARC |
| 650 | 1 | 7 |
_aMédicos ingleses _2ARMARC |
| 650 | 1 | 7 |
_aCirculación sanguínea _2ARMARC |
| 942 |
_2ddc _cBK |
||
| 999 |
_c1202 _d1202 |
||